|
|
|
|
| LEADER |
00000nam a22000007a 4500 |
| 005 |
20221025011613.0 |
| 007 |
cr|||| |||| |
| 008 |
221025s2022 br |||||r|||| 00||0 por d |
| 020 |
|
|
|a 978-65-86060-34-8
|
| 035 |
|
|
|a 37377
|
| 040 |
|
|
|a vLex
|
| 090 |
|
|
|c 14043
|d 14043
|
| 100 |
1 |
|
|a Leal, Fernando
|
| 245 |
1 |
0 |
|a Transformaė̳s do Direito Administrativo
|h [Recurso electrn̤ico] :
|b Debates e Estudos Empr̕icos em Direito Administrativo e Regulatr̤io /
|c Fernando Leal, Jos ̌Vicente Santos de Mendonȧ
|
| 256 |
|
|
|a Servicio en ln̕ea
|
| 260 |
|
|
|a Rio de Janeiro:
|b FGV - Direito Rio,
|c 2022
|
| 300 |
|
|
|a 1 recurso electrn̤ico
|
| 500 |
|
|
|a Os estudos empr̕icos em Direito Administrativo e Regulatr̤io foram o tema da sexta ediȯ̂ do Seminr̀io de Integraȯ̂ entre os Programas de Ps̤-Graduaȯ̂ stricto sensu da Faculdade de Direito da UERJ e da FGV Direito Rio. A presente obra ren︢e a produȯ̂ discente do evento. Os textos selecionados foram debatidos, em grupos de trabalho, entre professores, alunas e alunos.
|
| 506 |
1 |
|
|a Disponible solo en los productos indicados
|d vLex Global
|d vLex Global (Academic Edition, excluding Law Schools)
|d vLex Global (U.S. Academic Edition, Law Schools)
|d vLex Global (U.S. Academic Edition, excluding Law Schools)
|d vLex Global (Academic Edition, Law Schools)
|
| 650 |
0 |
4 |
|a Derecho Pb︢lico y Administrativo
|z Brasil
|
| 700 |
1 |
|
|a Santos de Mendonȧ, Jos ̌Vicente
|
| 740 |
0 |
|
|a vLex Libros (Servicio en ln̕ea)
|
| 856 |
4 |
0 |
|u https://app.vlex.com/#/sources/37377
|z Acceso restringido
|
| 942 |
|
|
|c BOOK
|
| 999 |
0 |
|
|a Public and Administrative Law
|